HSE `too soft` on risk assessments (Record no. 40826)

MARC details
000 -LEADER
fixed length control field 00678cab a2200229 4500
001 - CONTROL NUMBER
control field WB3134-07
008 - FIXED-LENGTH DATA ELEMENTS--GENERAL INFORMATION
fixed length control field 090401t1995 xxu||||| |||| 00| 0 eng d
035 ## - SYSTEM CONTROL NUMBER
System control number (Sirsi) u65473
041 ## - LANGUAGE CODE
Language code of text/sound track or separate title eng
245 ## - TITLE STATEMENT
Title HSE `too soft` on risk assessments
260 ## - PUBLICATION, DISTRIBUTION, ETC.
Date of publication, distribution, etc. 1995
350 ## - PRICE (NR) (BK AM CF MU VM SE) [OBSOLETE]
Price 0
490 ## - SERIES STATEMENT
Series statement Contract Journal
Volume/sequential designation 7-13 September 1995, 3(1)
520 ## - SUMMARY, ETC.
Summary, etc. The Health & Safety Executive is criticised for not enforcing compulsory risk assessments on some projects.
650 ## - SUBJECT ADDED ENTRY--TOPICAL TERM
Topical term or geographic name entry element BUILDING DEFECTS
650 ## - SUBJECT ADDED ENTRY--TOPICAL TERM
Topical term or geographic name entry element HEALTH AND SAFETY
9 (RLIN) 6244
650 ## - SUBJECT ADDED ENTRY--TOPICAL TERM
Topical term or geographic name entry element HSE
650 ## - SUBJECT ADDED ENTRY--TOPICAL TERM
Topical term or geographic name entry element RISK ASSESSMENT
690 ## - LOCAL SUBJECT ADDED ENTRY--TOPICAL TERM (OCLC, RLIN)
Topical term or geographic name as entry element BUILT ENVIRONMENT-BUILDING STANDARDS
942 ## - ADDED ENTRY ELEMENTS (KOHA)
Suppress in OPAC 0
948 ## - LOCAL PROCESSING INFORMATION (OCLC); SERIES PART DESIGNATOR (RLIN)
c (OCLC) 04/03/1997
Holdings
Withdrawn status Lost status Source of classification or shelving scheme Damaged status Not for loan Home library Current library Shelving location Date acquired Total Checkouts Full call number Barcode Date last seen Copy number Price effective from Koha item type
    Dewey Decimal Classification     London London News article 14/09/1999   WB3134-07 65473-1001 06/08/2019 1 06/08/2019 News article